书目信息 |
| 题名: |
ISO 9001与ISO 14001体系兼容文件编写范例
|
|
| 作者: | 朱爱丽 编 | |
| 分册: | ||
| 出版信息: | 北京 中国标准出版社 2002.5 |
|
| 页数: | 137页 | |
| 开本: | 26cm | |
| 丛书名: | ||
| 单 册: | ||
| 中图分类: | F273.2 | |
| 科图分类: | X-65 | |
| 主题词: | 质量管理体系--国际标准,ISO 9001--文件--范文 , 环境质量--质量管理体系--国际标准,ISO 14001--文件--范文 | |
| 电子资源: | ||
| ISBN: | 7-5066-2706-X | |
| 000 | 00841nam2 2200241 45 | |
| 001 | 0000684424 | |
| 005 | 20061220101836.31 | |
| 010 | @a7-5066-2706-X@dCNY22.00 | |
| 100 | @a20060812d2002 ekmy0chiy0120 ea | |
| 101 | 0 | @achi |
| 102 | @aCN@b110000 | |
| 105 | @aak z 000yy | |
| 200 | 1 | @aISO 9001与ISO 14001体系兼容文件编写范例@AISO 9001 Yu ISO 14001 Ti Xi Jian Rong Wen Jian Bian Xie Fan Li@f朱爱丽编@FZhu Ai Li Bian |
| 210 | @a北京@c中国标准出版社@d2002.5 | |
| 215 | @a137页@c图表@d26cm | |
| 330 | @a本书包括质量和环境管理手(QEM手册)和程序文件两大部分。 | |
| 606 | @a质量管理体系@x国际标准,ISO 9001@x文件@x范文 | |
| 606 | @a环境质量@x质量管理体系@x国际标准,ISO 14001@x文件@x范文 | |
| 690 | @aF273.2@v4 | |
| 692 | @aX-65@v5 | |
| 701 | 0 | @a朱爱丽@AZhu Ai Li@4编 |
| 801 | 0 | @aCN@b中图数据@c20061220 |
| 905 | @a10447@dF273.2@e366 | |
| ISO 9001与ISO 14001体系兼容文件编写范例/朱爱丽编.-北京:中国标准出版社,2002.5 |
| 137页:图表;26cm |
| ISBN 7-5066-2706-X:CNY22.00 |
| 本书包括质量和环境管理手(QEM手册)和程序文件两大部分。 |
| ● |
| 相关链接 |
|
|
|
|
正题名:ISO 9001与ISO 14001体系兼容文件编写范例
索取号:F273.2/366
 
预约/预借
| 序号 | 登录号 | 条形码 | 馆藏地/架位号 | 状态 | 备注 |
| 1 | 0621020 | 206210205 | 第一样本阅览室/ [索取号:F273.2/366] | 在馆 | |
| 2 | 0621021 | 206210214 | 第一借阅区/ [索取号:F273.2/366] | 在馆 | |
| 3 | 0621022 | 206210223 | 第一借阅区/ [索取号:F273.2/366] | 在馆 | |
| 4 | 0621023 | 206210232 | 第一借阅区/ [索取号:F273.2/366] | 在馆 | |
| 5 | 0621024 | 206210241 | 第一借阅区/ [索取号:F273.2/366] | 在馆 | |
| 6 | 0621025 | 206210250 | 第一借阅区/ [索取号:F273.2/366] | 在馆 |